[Event "Cto España Equipos Div. Honor"]
[Site "Mondariz - Hotel Cemar"]
[Date "2002.12.08"]
[Round "9.2"]
[White "Romero Holmes, Alfonso"]
[Black "Corral Blanco, Juan A"]
[Result "1/2-1/2"]
[WhiteElo "2524"]
[BlackElo "2463"]
[PlyCount "90"]
[EventDate "2002.11.30"]

1. e4 c5 2. Nc3 e6 3. f4 a6 4. d4 cxd4 5. Qxd4 Nc6 6. Qf2 b5 7. Bd3 Bb7 8. Nf3
Nb4 9. O-O Nf6 10. h3 Qc7 11. Be3 Rc8 12. a3 Nxd3 13. cxd3 Be7 14. Rac1 Qb8 15.
f5 h6 16. Kh1 Nh5 17. Ne2 Rxc1 18. Bxc1 Qd6 19. Qe3 Qc5 20. fxe6 dxe6 21. e5
Qxe3 22. Bxe3 g5 23. g4 Ng7 24. Kg2 Kd7 25. Kg3 Ne8 26. Nd2 f6 27. Nb3 fxe5 28.
Rf7 Nd6 29. Nc5+ Ke8 30. Rf2 e4 31. Nxb7 Nxb7 32. dxe4 Nd6 33. Nc3 Rf8 34. Bd4
Nc4 35. Rxf8+ Bxf8 36. Nd1 Bd6+ 37. Kf3 Be5 38. Bxe5 Nxe5+ 39. Ke3 Kd7 40. b3
a5 41. Nb2 Kd6 42. Nd3 Ng6 43. b4 axb4 44. axb4 Ne5 45. Nxe5 Kxe5 1/2-1/2

[Event "Cto España Equipos Div. Honor"]
[Site "Mondariz - Hotel Cemar"]
[Date "2002.12.08"]
[Round "9.3"]
[White "Castillo Gallego, Sergio"]
[Black "Pomes, Juan"]
[Result "0-1"]
[WhiteElo "2208"]
[BlackElo "2380"]
[PlyCount "80"]
[EventDate "2002.11.30"]

1. e4 e6 2. d4 d5 3. Nc3 Bb4 4. e5 Qd7 5. Bd2 b6 6. Bb5 c6 7. Ba4 a5 8. a3 Bxc3
9. Bxc3 Ba6 10. Bd2 Bb5 11. Bxb5 cxb5 12. Qg4 f5 13. Qh5+ Qf7 14. Qe2 Qd7 15.
Qh5+ Qf7 16. Qe2 Qd7 17. h4 Ne7 18. Nh3 Na6 19. Nf4 Nc7 20. Rh3 O-O-O 21. a4
bxa4 22. Rha3 Nc6 23. c3 Kb7 24. Rxa4 Rb8 25. Nd3 Qe7 26. b4 Qxh4 27. Be3 Ra8
28. Nc5+ bxc5 29. b5 c4 30. bxc6+ Kxc6 31. Qa2 Rhb8 32. Qa3 Rb5 33. Qd6+ Kb7
34. Bc1 Qh1+ 35. Ke2 Qxg2 36. Ba3 Ra6 37. Qe7 Rb3 38. Ra2 Qe4+ 39. Kd1 Qd3+ 40.
Rd2 Qf1+ 0-1

[Event "Cto España Equipos Div. Honor"]
[Site "Mondariz - Hotel Cemar"]
[Date "2002.12.08"]
[Round "9.3"]
[White "Lezcano Jaen, Pedro"]
[Black "Del Rio Angelis, Gabriel"]
[Result "1/2-1/2"]
[WhiteElo "2402"]
[BlackElo "2494"]
[PlyCount "59"]
[EventDate "2002.11.30"]

1. c4 e6 2. g3 d5 3. Nf3 Nf6 4. b3 Be7 5. Bg2 O-O 6. O-O b6 7. Bb2 Bb7 8. e3 c5
9. Nc3 Nbd7 10. Qe2 Re8 11. d3 Bf8 12. Ne1 Qc8 13. f4 d4 14. exd4 cxd4 15. Ne4
Nxe4 16. Bxe4 e5 17. fxe5 Nxe5 18. Bxd4 Bxe4 19. dxe4 Qe6 20. Ng2 Nc6 21. Bf2
Qxe4 22. Qxe4 Rxe4 23. Rfe1 Rxe1+ 24. Rxe1 f6 25. Nf4 Ne5 26. Rd1 Kf7 27. h3
Be7 28. Kf1 Rd8 29. Rxd8 Bxd8 30. Ke2 1/2-1/2

[Event "Cto España Equipos Div. Honor"]
[Site "Mondariz - Hotel Cemar"]
[Date "2002.12.08"]
[Round "9.3"]
[White "Reinaldo, Roi"]
[Black "Jerez, Alfonso"]
[Result "1/2-1/2"]
[WhiteElo "2412"]
[BlackElo "2392"]
[PlyCount "20"]
[EventDate "2002.11.30"]

1. e4 Nc6 2. Nf3 d6 3. d4 Nf6 4. Nc3 Bg4 5. Be3 e5 6. d5 Nb8 7. Be2 g6 8. h3
Bxf3 9. Bxf3 Bg7 10. Qd2 c6 1/2-1/2

[Event "Cto España Equipos Div. Honor"]
[Site "Mondariz - Hotel Cemar"]
[Date "2002.12.08"]
[Round "9.4"]
[White "Gonzalez Velez, Fermin"]
[Black "Ruiz Jimenez, Francisco Jose"]
[Result "1-0"]
[WhiteElo "2379"]
[BlackElo "2119"]
[PlyCount "111"]
[EventDate "2002.11.30"]

1. d4 d5 2. c4 c6 3. cxd5 cxd5 4. Nc3 Nf6 5. Bf4 Nc6 6. e3 Bf5 7. Qb3 Na5 8.
Bb5+ Bd7 9. Qa4 Nc6 10. Nf3 e6 11. Ne5 Nxe5 12. dxe5 a6 13. exf6 axb5 14. fxg7
Bxg7 15. Qb4 Qa5 16. Bd6 Qxb4 17. Bxb4 f5 18. a3 Rg8 19. Rg1 Kf7 20. O-O-O Rac8
21. Kb1 Rc4 22. Ne2 Rgc8 23. Rd2 Bf6 24. f4 Rg8 25. Bc3 Be7 26. Bd4 b4 27. axb4
Bxb4 28. Bc3 Bxc3 29. Nxc3 b5 30. Ne2 Re4 31. Rd3 Ra4 32. Nd4 Rga8 33. Rc1 Ra1+
34. Kc2 Rc8+ 35. Rc3 Rxc3+ 36. bxc3 Ra2+ 37. Kd3 Rxg2 38. Nf3 Ke7 39. Ra1 Rg7
40. Ne5 Kf6 41. Ra8 Re7 42. Kd4 Be8 43. Kc5 Bh5 44. Kd6 Rb7 45. Nd7+ Kf7 46.
Kc6 Rxd7 47. Kxd7 Kf6 48. Ra6 Bf7 49. Rb6 Bg8 50. Rxb5 Bf7 51. Rb8 Bg6 52. Rf8+
Bf7 53. Kd6 h6 54. h3 h5 55. h4 Kg7 56. Ke7 1-0

[Event "Cto España Equipos Div. Honor"]
[Site "Mondariz - Hotel Cemar"]
[Date "2002.12.08"]
[Round "9.4"]
[White "Hernando R, Jose Ma"]
[Black "Garcia Padron, Jose"]
[Result "0-1"]
[WhiteElo "2371"]
[BlackElo "2426"]
[PlyCount "108"]
[EventDate "2002.11.30"]

1. d4 Nf6 2. Nf3 e6 3. Bf4 c5 4. c3 b6 5. e3 Bb7 6. Bd3 Be7 7. O-O O-O 8. h3
Nc6 9. Qe2 d5 10. Nbd2 Re8 11. Ne5 Nxe5 12. Bxe5 Nd7 13. Nf3 Bf8 14. Bg3 a6 15.
Ne5 Nxe5 16. Bxe5 Bc6 17. Rad1 Qd7 18. Qh5 g6 19. Qf3 Bg7 20. Bxg7 Kxg7 21. Qf4
Qe7 22. Rd2 a5 23. Be2 f6 24. Qh4 Qc7 25. Bf3 Bb5 26. Re1 Rad8 27. e4 dxe4 28.
Bxe4 e5 29. d5 f5 30. Bc2 e4 31. Red1 Rd6 32. Qg3 Qe7 33. c4 Bd7 34. Re1 Qf6
35. Qa3 h5 36. Ba4 Bxa4 37. Qxa4 Re7 38. a3 h4 39. Rde2 Qd4 40. Qc2 Rf7 41. Re3
Kh7 42. Kh1 Kg7 43. f3 Rdf6 44. Qe2 Re7 45. b3 Rff7 46. Rd1 exf3 47. Qxf3 Rxe3
48. Qf1 Qe4 49. Kg1 f4 50. d6 f3 51. d7 f2+ 52. Kh2 Qf4+ 53. Kh1 Rf8 54. b4 Re1
0-1